Größten Länder nach Wasserfläche (Top 15) - Statistiken

Allgemein
  • Dieses Quiz wurde 252 mal gespielt
  • Das Durchschnittsergebnis liegt bei 11 aus 15
Antwortstatistiken
Wasserfläche in km² Staaten % Korrekt
891.163 Kanada
98%
720.500 Russland
98%
664.709 Vereinigte Staaten
97%
55.460 Brasilien
96%
270.550 China
90%
314.070 Indien
87%
43.710 Argentinien
81%
58.920 Australien
81%
93.000 Indonesien
77%
77.810 Kongo, D.R.
60%
100.210 Kolumbien
51%
116.600 Iran
44%
61.500 Tansania
44%
104.300 Äthiopien
25%
43.938 Uganda
24%
Keine übereinstimmenden Quizze gefunden
Verteilung der Resultate
Anzahl Personen mit jedem Resultat
Perzentil nach korrekt beantworteten Fragen
Ihre Resultats-Entwicklung
Sie haben dieses Quiz noch nicht gespielt